| 000 | 00694nab a2200193 4500 | ||
|---|---|---|---|
| 001 | 244442 | ||
| 003 | OSt | ||
| 005 | 20230516092855.0 | ||
| 007 | tu | ||
| 008 | 200917s2020||||||| | ||
| 040 |
_aDE-2950 _cDE-2950 |
||
| 245 | 0 | 0 |
_aParklaufserie endet auf dem Anger. _bSportsplitter. Ewa Kiedrowicz und Christoph Guhl hatten bei der fünften Laufveranstaltung in Parkanlagen die Nase vorn. Am Wochenende feiert der SC Frankfurt Bahneröffnung auf dem Sportplatz Kieler Straße / |
| 264 | _c2023 | ||
| 653 | _aFrankfurt (Oder) | ||
| 653 | _aSportstadt | ||
| 653 | _averschiedene Sportarten | ||
| 773 | 0 |
_g34. Jahrgang (2023) Nr. 104 vom 05.05.2023, S. 16 _tMärkische Oderzeitung |
|
| 942 |
_2z _cA |
||
| 999 |
_c372449 _d372449 |
||